000 00980cam a22002294a 4500
005 20250605164334.0
008 250528s ||||||||||||||||||||||||d
035 _a23344
020 _a1412919037
040 _aGR-AtMCL
_bgre
_dGR-AtMCL
_eAACR2
245 1 _aOperations Management
250 _a1st
260 _bSage Publications,
_c2005
300 _a316
520 _aThis book will be invaluable reading for advanced level undergraduates, postgraduates and MBA students taking course in operations and technology management, operations strategy, logistics and supply chain management. It is also a rich resource for business school academics and management thinkers in general.Preface, Acknowledgements, Introduction, Operations as Strategy, Approaches and Techniques, The Role of Technology, Human Issues, Index.
700 1 _aMarsh George
_98913
700 1 _aMayle David
_98914
700 1 _aSpoors Pat
_98915
942 _cBK
999 _c8369
_d8369